Tilastot visalle Liput, joissa on puolikuu

Klikkaa tästä pelataksesi tätä visaa!

Yleistilastot

  • Tätä visaa on pelattu 916 kertaa
  • Keskiarvotulos 15 / 19

Vastaustilastot

Vastaus% Oikein
Turkki
96%
Nepal
94%
Iran
91%
Kroatia
90%
Pakistan
90%
Algeria
87%
Moldova
83%
Tunisia
83%
Azerbaidžan
82%
Malesia
82%
Singapore
82%
Turkmenistan
82%
Uzbekistan
79%
Libya
75%
Mongolia
75%
Brunei
74%
Malediivit
67%
Mauritania
63%
Komorit
56%

Tulosjakauma

Persentiili vastausten määrän mukaan

Jokaisen tuloksen saaneiden osuus

Tuloshistoriasi

Et ole pelannut tätä visaa